| 000 | 00635nam a22002297a 4500 | ||
|---|---|---|---|
| 001 | BD-DhSAU 1259 | ||
| 003 | BD-DhSAU | ||
| 005 | 20150113203115.0 | ||
| 008 | 150113b2004 ii a||||r|||| 001 0 eng d | ||
| 020 | _a8187067713 | ||
| 040 | _aBD-DhSAU | ||
| 082 |
_222 _a595.0202 _bEVO |
||
| 100 | _aEvans, J. W. | ||
| 245 |
_aOutlines of agricultural entomology / _cJ. W. Evans and A. D. Imms. |
||
| 260 |
_aDelhi : _bAsiatic Publishing House ; _cc2004. |
||
| 300 |
_avii, 188 p. : _bill. ; _c23 cm. |
||
| 504 | _aIncludes Index. | ||
| 590 | _ajoy | ||
| 650 | _aEntomology. | ||
| 650 | _aAgricultural entomology. | ||
| 700 | _aImms, A. D. | ||
| 942 |
_2ddc _cBOOK |
||
| 999 |
_c1259 _d1259 |
||